State Fauna Series 25 FAUNA OF KERALA/ (Record no. 200420)

MARC details
000 -LEADER
fixed length control field 00594nam a22001937a 4500
005 - DATE AND TIME OF LATEST TRANSACTION
control field 20240327124618.0
010 ## - LCCN (DPL NO)
LC control number ENG-139014 ENG-139969
020 ## - INTERNATIONAL STANDARD BOOK NUMBER
Terms of availability 1950.00
International Standard Book Number 9788181715494
035 ## - SYSTEM CONTROL NUMBER
System control number EN-122546
035 ## - SYSTEM CONTROL NUMBER
System control number EN-123501
037 ## - SOURCE OF ACQUISITION
Source of stock number/acquisition DBAD/PUB
082 ## - DEWEY DECIMAL CLASSIFICATION NUMBER
Classification number 591.954
100 ## - MAIN ENTRY--PERSONAL NAME
Personal name CHANDRA, KAILASH
245 ## - TITLE STATEMENT
Title State Fauna Series 25 FAUNA OF KERALA/
Statement of responsibility, etc Kailash chandra
Remainder of title VERTEBRATA PART-1
260 ## - PUBLICATION, DISTRIBUTION, ETC. (IMPRINT)
Place of publication, distribution, etc Kolkata
Name of publisher, distributor, etc Publication Division
Date of publication, distribution, etc 2021
270 ## - ADDRESS
Address M-Block, New Alipore, Kolkta-700053
300 ## - PHYSICAL DESCRIPTION
Extent 433 p.
Dimensions 29cm(Hbk)
942 ## - ADDED ENTRY ELEMENTS (KOHA)
Source of classification or shelving scheme Dewey Decimal Classification
Item type English Books
Classification part 591.95433
Call number suffix CHA
Holdings
Withdrawn status Lost status Not for loan Collection code Home library Current library Date acquired Source of acquisition Cost, normal purchase price Full call number Barcode Cost, replacement price Koha item type Copy number
    Not For Loan Reference Ashok Vihar Ashok Vihar 27/03/2024 DBAD 1950.00 591.95433 CHA EN-123501 1950.00 English Books 1
    Not For Loan Non-fiction Sarojini Nagar Sarojini Nagar 29/01/2024 DBAD 1950.00 591.95433 CHA EN-122546 1950.00 English Books  

© Delhi Public Library
Hit Counter
free hit counter